000 00347 a2200157 4500
001 186874
020 _a85-86-86740-01-2
040 _cMagnum
100 _aVeneza, Maurício
240 1 0 _aOs feitços do sapo Nino
_lpor
245 1 0 _aOs feitços do sapo Nino
300 _a17
362 0 _a1997
697 _aLITERATURA INFANTO
942 _cBK
999 _c186874
_d186874